=LDR 00000nam 2200000 4500 =001 INLIS000000000045640 =005 20150206090759.0 =006 =007 =008 =020 ##$$a 978-979-17609-2-5 =035 ##$$0010-021500000000200 =040 ##$$a NBPDMAT =082 ##$$a 551.43 =090 ##$$a 551.43 $b Mei m =100 ##$$a Meidiana Frikosari =245 ##$$a Memahami sains dan alam gunung / $c penulis, Meidiana Frikasari =260 ##$$a Bandung : $b Mitra Utama, $c 2008 =300 ##$$a 74 hlm. : $b ilus. ; $c 21 cm. =650 ##$$a Gunung